Els Promotors de capelles i retaules a la Barcelona del segle XIV / a cura de Cristina Borau
ISBN:
84-9779-051-0
Descripción Física:
641 p. : il. , fot. ; 24 cm
Colección:
Estudis / Fundació Noguera ; 29
Otros Autores:
Fundació Noguera
MARC
| LEADER | 00000nam a2200000Ia 4500 | ||
|---|---|---|---|
| 001 | 15693 | ||
| 008 | 160829s2003 xx 000 0 cat d | ||
| 020 | |a 84-9779-051-0 | ||
| 080 | |a B-2-37 | ||
| 100 | |a Borau Morell, Cristina |9 31765 | ||
| 245 | |a Els Promotors de capelles i retaules a la Barcelona del segle XIV / a cura de Cristina Borau | ||
| 260 | |a Barcelona : |b Fundació Noguera ; Lleida : |b Pagès, |c 2003 | ||
| 300 | |a 641 p. : |b il. , fot. ; |c 24 cm | ||
| 490 | |a Estudis / Fundació Noguera ; 29 | ||
| 590 | |a Índexs. | ||
| 590 | |a Notes, referències bibliogràfiques. | ||
| 590 | |a Apèndix documental. | ||
| 590 | |a Bibliografia | ||
| 650 | |a Beneficis eclesiàstics |x Barcelona |x Història |x S. XIV |9 31766 | ||
| 650 | |a Esglésies |x Decoració i ornamentació |x Barcelona |x S. XIV |9 31767 | ||
| 650 | |a Retaules |x Barcelona |x S. XIV I |9 31768 | ||
| 650 | |a Capelles |x Barcelona |x S. XIV |9 31769 | ||
| 650 | |a Benefactors |x Barcelona |x S. XIV |9 31770 | ||
| 700 | |a Fundació Noguera |9 70407 | ||
| 901 | |a Arxiu | ||
| 942 | |n 1 | ||
| 952 | |0 0 |1 0 |4 0 |6 B237 |7 1 |9 45751 |a Arxiu |b Arxiu |d 2016-12-01 |l 0 |o B-2-37 |p 15693 |r 2016-12-01 00:00:00 |w 2016-12-01 |y ARXIU | ||
| 999 | |c 49251 |d 49251 | ||